Markets (Record no. 83986)
[ view plain ]
| 000 -LEADER | |
|---|---|
| fixed length control field | 01165cab a22002295a 4500 |
| 001 - CONTROL NUMBER | |
| control field | L156312 |
| 008 - FIXED-LENGTH DATA ELEMENTS--GENERAL INFORMATION | |
| fixed length control field | 120514e2012 xxk 000 0 eng d |
| 035 ## - SYSTEM CONTROL NUMBER | |
| System control number | (Sirsi) u156312 |
| 041 0# - LANGUAGE CODE | |
| Language code of text/sound track or separate title | eng |
| 100 1# - MAIN ENTRY--PERSONAL NAME | |
| Personal name | Eade, Christine |
| 245 00 - TITLE STATEMENT | |
| Title | Markets |
| Remainder of title | Glos, Herefordshire and Worcs |
| 260 ## - PUBLICATION, DISTRIBUTION, ETC. | |
| Date of publication, distribution, etc. | 2012 |
| 490 #0 - SERIES STATEMENT | |
| Series statement | Property Week |
| Volume/sequential designation | 78(18) 4 May 2012, 55-60(4) |
| 520 ## - SUMMARY, ETC. | |
| Summary, etc. | Peel Group's plans to develop 55 000 sq ft of new retail space at Gloucester's Peel Park retail park will impact on Stanhope's 250 000 sq ft plans for King's Quarter in Gloucester city centre. Stanhope will start developing early as the end of May Hereford's now redundant livestock market, Old Market, into a 310 000 sq ft retail and leisure centre, already two-thirds prelet. Worcester loses a second of its heritage family businesses, GR Pratley and Sons, china and glass retailers. Looks at developments in military hotspot, Hereford, which gained enterprise zone status in 2011. |
| 590 ## - LOCAL NOTE (RLIN) | |
| Local note | KA |
| 651 #4 - SUBJECT ADDED ENTRY--GEOGRAPHIC NAME | |
| Geographic name | Gloucestershire |
| 651 #4 - SUBJECT ADDED ENTRY--GEOGRAPHIC NAME | |
| Geographic name | Herefordshire |
| 651 #4 - SUBJECT ADDED ENTRY--GEOGRAPHIC NAME | |
| Geographic name | Worcestershire |
| 690 ## - LOCAL SUBJECT ADDED ENTRY--TOPICAL TERM (OCLC, RLIN) | |
| Topical term or geographic name as entry element | Commercial property |
| 9 (RLIN) | 6227 |
| 690 ## - LOCAL SUBJECT ADDED ENTRY--TOPICAL TERM (OCLC, RLIN) | |
| Topical term or geographic name as entry element | Residential property |
| 9 (RLIN) | 6266 |
| 942 ## - ADDED ENTRY ELEMENTS (KOHA) | |
| Suppress in OPAC | 0 |
| Withdrawn status | Lost status | Source of classification or shelving scheme | Damaged status | Not for loan | Home library | Current library | Shelving location | Date acquired | Total Checkouts | Full call number | Barcode | Date last seen | Copy number | Price effective from | Koha item type |
|---|---|---|---|---|---|---|---|---|---|---|---|---|---|---|---|
| Dewey Decimal Classification | London | London | Journal article | 13/05/2012 | L156312 | 156312-1001 | 06/08/2019 | 1 | 06/08/2019 | Journal article |